000 00451nam a2200181Ia 4500
001 9504
005 20260306161723.0
008 260306t2015||||xx |||||||||||||| ||spa||
041 _aESP
082 _a379.85
_bD18
100 _aD'Alessio Ipinza, Fernando
_eAUT
245 0 _aPlaneamiento estratĂ©gico del sistema educativo del PerĂș:
_b2015-2024
260 _c2015
300 _a
_c
650 _aGEN
654 _aCED
942 _cLIB
_dJUS
_fJUS
_2ddc
_n
999 _c9504
_d9504